Il pasto nudo /

में बचाया:
ग्रंथसूची विवरण
मुख्य लेखक: Burroughs, William S. (लेखक)
अन्य लेखक: Pivano, Fernanda (परिचय का लेखक, आदि।)
स्वरूप: पुस्तक
भाषा:इतालवी
प्रकाशित: Milano : SugarCo, 1980
श्रृंखला:Tasco ; 35
टैग: टैग जोड़ें
कोई टैग नहीं, इस रिकॉर्ड को टैग करने वाले पहले व्यक्ति बनें!

MARC

LEADER 00000nam a22000007i 4500
001 IT\ICCU\SBL\0307758
003 ItRI
005 20260115232249.0
008 910930s1980 it |||||| ||||| |||||c
015 |2 IT  |a 828753 
040 |b ita  |c importazione bologna sebina 
041 7 |a ita  |2 ISO-639-2 
082 |a 823.9  |9 NARRATIVA IN LINGUA INGLESE. 1900-  |2 18 
100 1 |a Burroughs, William S.  |0 IT\ICCU\CFIV\000644  |4 aut 
240 1 4 |a The naked lunch  |3 IT\ICCU\CFI\0118718  |9 Burroughs, William S. 
245 1 3 |a Il pasto nudo /  |c William Burroughs ; prefazione di Fernanda Pivano. 
260 |a Milano :  |b SugarCo,  |c 1980 
300 |a XIV, 261 p. ;  |c 20 cm 
500 |a Trad. di Donatella Manganotti, Giulio Saponaro. 
700 1 |a Pivano, Fernanda  |0 IT\ICCU\CFIV\037838  |4 aui 
790 1 |a Burroughs, William  |3 IT\ICCU\CFIV\040710  |z Burroughs, William S. 
790 1 |a Burroughs, William Seward  |3 IT\ICCU\CFIV\166439  |z Burroughs, William S. 
830 0 |a Tasco ;  |v 35  |0 IT\ICCU\CFI\0000467 
942 |2 ddc  |c BK  |n 0 
952 |0 0  |1 0  |4 0  |6 DOC_813_540000000000000_BUR  |7 0  |9 23231  |a BO  |b BO  |d 2026-01-15  |i 10686  |l 0  |o DOC 813.54 BUR  |p BO10686  |r 2026-01-15 23:22:49  |w 2026-01-15  |x [Sebina 5] [1 v.]  |y BK  |z 1 v. 
999 |c 19809  |d 19809